LIBRARY & INFORMATION CENTRE, KCAET, TAVANUR

ONLINE PUBLIC ACCESS CATALOGUE (OPAC)

Call of the vedas / (Record no. 3714)

MARC details
000 -LEADER
fixed length control field 00373cam a2200145ua 4500
041 ## - LANGUAGE CODE
Language code of text/sound track or separate title eng
082 ## - DEWEY DECIMAL CLASSIFICATION NUMBER
Classification number 294.5921
Item number ABI/CA
100 ## - MAIN ENTRY--AUTHOR NAME
Personal name Abinash, Chandrabose .
245 ## - TITLE STATEMENT
Title Call of the vedas /
260 ## - PUBLICATION, DISTRIBUTION, ETC. (IMPRINT)
Place of publication Mumbai :
Name of publisher Bharatiya Vidya Bhavan ,
Year of publication 1960.
300 ## - PHYSICAL DESCRIPTION
Number of Pages 314 ; .
942 ## - ADDED ENTRY ELEMENTS (KOHA)
Koha item type Books
Holdings
Withdrawn status Lost status Damaged status Home library Current library Date acquired Full call number Accession Number Koha item type
Withdrawn     KAUAET Sanskrit University 07/04/2012 294.5921 3395 Books
free website counter